[Event "Hasselbacken Open 2016"]
[Site "Stockholm SWE"]
[Date "2016.05.05"]
[Round "6.50"]
[White "Grandell, Anders"]
[Black "Verendel, Jan"]
[Result "1-0"]
[WhiteTitle "FM"]
[WhiteElo "2290"]
[BlackElo "1971"]
[WhiteFideId "1709771"]
[BlackFideId "1708287"]
[EventDate "2016.04.30"]

1. d4 Nf6 2. c4 e6 3. Nf3 c5 4. d5 d6 5. Nc3 e5 6. e4 Be7 7. Be2 Na6 8. O-O Bd7
9. Ne1 Bc8 10. Nd3 Nd7 11. g3 Bf6 12. Be3 Nb6 13. Kh1 Bh3 14. Rg1 Qd7 15. b3 Qe7
16. Qd2 h5 17. f3 Bd7 18. a4 Nc7 19. Nxc5 dxc5 20. d6 Qd8 21. dxc7 Qxc7 22. a5
Nc8 23. Nd5 Qc6 24. Rad1 Bd8 25. Qc3 Bc7 26. f4 f6 27. Nxc7+ Qxc7 28. fxe5 Bc6
29. Bf3 f5 30. Bxc5 h4 31. gxh4 fxe4 32. Bg2 Ne7 33. Rgf1 Ng6 34. Qg3 Nxh4 35.
Qxh4 Rh6 36. Rf8# 1-0

[Event "Hasselbacken Open 2016"]
[Site "Stockholm SWE"]
[Date "2016.05.05"]
[Round "6.51"]
[White "Eriksson, Jon"]
[Black "Lundin, Jan"]
[Result "1/2-1/2"]
[BlackTitle "FM"]
[WhiteElo "2130"]
[BlackElo "2275"]
[WhiteFideId "503894"]
[BlackFideId "1706896"]
[EventDate "2016.04.30"]

1. Nf3 Nf6 2. c4 c5 3. Nc3 e6 4. g3 b6 5. Bg2 Bb7 6. O-O Be7 7. Re1 d5 8. cxd5
exd5 9. d4 O-O 10. Bf4 Na6 11. Rc1 Re8 12. dxc5 Nxc5 13. Nd4 a6 14. Bh3 Bf8 15.
Qc2 g6 16. Red1 Nh5 17. Be3 Rxe3 18. fxe3 Bh6 19. Qd2 Qg5 20. Kf2 Nf6 21. Nf3
Nfe4+ 22. Nxe4 Nxe4+ 23. Kg2 Nxd2 24. Nxg5 Nc4 25. Nf3 Nxe3+ 26. Kf2 Nxd1+ 27.
Rxd1 Re8 28. Rd3 Re7 29. Rb3 b5 30. Bg2 Bg7 31. Ne1 Rc7 32. Nd3 f5 33. a4 Bd4+
34. Kf1 1/2-1/2

[Event "Hasselbacken Open 2016"]
[Site "Stockholm SWE"]
[Date "2016.05.05"]
[Round "6.52"]
[White "Bit-Narva, David"]
[Black "Hess, Christian1"]
[Result "1/2-1/2"]
[BlackTitle "FM"]
[WhiteElo "2127"]
[BlackElo "2241"]
[WhiteFideId "24128856"]
[BlackFideId "4605969"]
[EventDate "2016.04.30"]

1. e4 c6 2. d4 d5 3. exd5 cxd5 4. Bd3 Nc6 5. c3 Qc7 6. h3 Nf6 7. Nf3 g6 8. O-O
Bg7 9. Re1 O-O 10. Bg5 Bf5 11. Bxf5 gxf5 12. Qc1 Ne4 13. Bh6 Qd6 14. Bxg7 Kxg7
15. Na3 Rg8 16. Nh4 Kh8 17. Nb5 Qf6 18. Qf4 Rg7 19. c4 Rag8 20. cxd5 Nxd4 21.
Nxd4 Qxd4 22. Rad1 Qf6 23. Re2 Rg5 24. Kh1 Qa6 25. Rc2 f6 26. Nxf5 Nd6 27. Nxe7
Rf8 28. Nc6 Nf5 29. Nd4 Nxd4 30. Qxd4 Qd6 31. Qc5 Qd8 32. Qc7 Rxd5 33. Qxd8
Rfxd8 34. Rxd5 Rxd5 35. Rc8+ Kg7 36. Rc7+ Kg6 37. Rxb7 a5 38. f3 h5 39. Kh2 h4
40. b4 Rd2 41. bxa5 Rxa2 42. Rb5 f5 43. Rb6+ Kg5 44. Ra6 Kf4 45. Rh6 Kg5 46. Ra6
Kf4 47. Ra8 Kg5 48. a6 Kg6 49. a7 Kg7 50. f4 Ra1 51. g4 Ra2+ 52. Kg1 Ra1+ 53.
Kf2 Ra2+ 54. Ke3 Ra3+ 55. Kd4 fxg4 56. hxg4 h3 57. Rb8 Rxa7 58. Rb3 Ra4+ 59. Ke5
Ra5+ 60. Ke4 Ra4+ 61. Kf3 h2 62. Rb1 Ra3+ 63. Kg2 Ra2+ 64. Kg3 Kg6 65. Rh1 Ra3+
66. Kxh2 Rf3 67. f5+ Kg5 68. Rg1 Kh4 69. Rg2 Rf1 70. Rg3 Rf2+ 71. Rg2 Rf1 72.
Rg1 Rf2+ 73. Rg2 1/2-1/2

[Event "Hasselbacken Open 2016"]
[Site "Stockholm SWE"]
[Date "2016.05.05"]
[Round "6.53"]
[White "Ask, Josef"]
[Black "Dubrovin, Robert"]
[Result "1-0"]
[WhiteElo "2118"]
[BlackElo "2239"]
[WhiteFideId "1704583"]
[BlackFideId "4501829"]
[EventDate "2016.04.30"]

1. e4 c5 2. d3 Nc6 3. f4 g6 4. Nf3 Bg7 5. Be2 d6 6. O-O Nf6 7. Qe1 O-O 8. Qh4 c4
9. Nc3 cxd3 10. cxd3 b5 11. f5 b4 12. Nd1 e6 13. Bg5 exf5 14. Ne3 h6 15. Bxh6
Ng4 16. Bg5 Qb6 17. d4 Nxd4 18. Kh1 Nxe2 19. Nd5 f6 20. Nxb6 axb6 21. exf5 Bxf5
22. Bd2 Rae8 23. h3 g5 24. Qe1 Nh6 25. Bxb4 Bd3 26. Qf2 Nf5 27. Kh2 g4 28. hxg4
Ne3 29. Qh4 Re4 30. Bxd6 Nxg4+ 31. Kh1 Rd8 32. Bc7 Rd5 33. Nd2 Red4 34. Rf3 Bg6
35. Rh3 f5 36. Nf1 Rd7 37. Bxb6 Rd1 38. Rxd1 Rxd1 39. Rf3 Bf6 40. Qh3 Be5 41. g3
Be8 42. Qg2 Bb5 43. Rxf5 Nxg3+ 44. Qxg3 Bxg3 45. Rxb5 Be5 46. Kg2 Bf6 47. a4 Ra1
48. b3 Kf7 49. Ne3 Ra2+ 50. Kf3 Ne5+ 51. Ke4 Nc6 52. Kd5 Ne7+ 53. Kc4 Nc6 54.
Rc5 Ne5+ 55. Kb5 Rb2 56. b4 Ke6 57. Nc4 Rxb4+ 58. Kxb4 Nd3+ 59. Kb5 Nxc5 60.
Kxc5 Kd7 61. a5 Kc8 62. Kc6 Kb8 63. Nd6 Ka8 64. Nb5 Be5 65. Bc7 Bg3 66. Bd6 Bf2
67. a6 Bg1 68. Nc7+ Kb8 69. Nb5+ Ka8 70. Bc5 Bh2 71. Kb6 Bg3 72. a7 Bh2 73. Ka6
Bg3 74. Nc3 Bb8 75. axb8=Q+ Kxb8 76. Kb6 Kc8 77. Kc6 Kb8 78. Nb5 Ka8 79. Nc7+
Kb8 80. Bb6 Kc8 81. Ba7 Kd8 82. Nd5 Ke8 83. Kd6 Kf7 84. Ke5 Ke8 85. Nb6 Kf7 86.
Kf5 Ke7 87. Bb8 Kf7 88. Bd6 Ke8 89. Ke6 Kd8 90. Be5 Ke8 91. Bf6 Kf8 92. Nc8 Kg8
93. Kf5 Kh7 94. Kg5 Kg8 95. Kg6 Kf8 96. Nd6 Kg8 97. Be7 Kh8 98. Nf7+ Kg8 99.
Nh6+ 1-0

[Event "Hasselbacken Open 2016"]
[Site "Stockholm SWE"]
[Date "2016.05.05"]
[Round "6.54"]
[White "Saren, Bjorn"]
[Black "Jacobs, Florian"]
[Result "0-1"]
[WhiteElo "2032"]
[BlackElo "2229"]
[WhiteFideId "1712071"]
[BlackFideId "1018329"]
[EventDate "2016.04.30"]

1. e4 e5 2. f4 d5 3. exd5 exf4 4. Nf3 Nf6 5. Bc4 Nxd5 6. O-O Be6 7. Bxd5 Qxd5 8.
Nc3 Qh5 9. d4 Nc6 10. Ne2 g5 11. d5 O-O-O 12. c4 Bc5+ 13. Kh1 Bg4 14. Qc2 Nb4
15. Qc3 Rhe8 16. Ned4 Rd6 17. a3 Rh6 18. axb4 Bxd4 19. Qxd4 Bxf3 20. Bxf4 gxf4
21. Qxf4 Re4 22. Qg3 Rg4 0-1

[Event "Hasselbacken Open 2016"]
[Site "Stockholm SWE"]
[Date "2016.05.05"]
[Round "6.55"]
[White "Rahul Kumar, Pune"]
[Black "Zemlicka, Vit"]
[Result "0-1"]
[WhiteElo "2225"]
[BlackElo "1970"]
[WhiteFideId "5010969"]
[BlackFideId "303143"]
[EventDate "2016.04.30"]

1. Nf3 Nf6 2. d4 g6 3. Bg5 Bg7 4. Nbd2 O-O 5. e4 d6 6. Bd3 c5 7. c3 cxd4 8. cxd4
h6 9. Bh4 Nh5 10. O-O Nf4 11. Bc4 Nc6 12. Nb3 a6 13. a4 Bg4 14. Qd2 Nh5 15. Be2
Qb6 16. Ra3 g5 17. Nxg5 Bxe2 18. Qxe2 hxg5 19. Bxg5 Nf6 20. a5 Qb5 21. Qe3 Nxe4
22. Qxe4 Qxg5 23. f4 d5 24. Qd3 Qf6 25. Ra4 Rac8 26. Nc5 Rc7 27. Nb3 Rfc8 28. f5
Na7 29. Raa1 Nb5 30. Rf4 Nd6 31. h4 Ne4 32. Qh3 Qh6 33. Raf1 Bf6 34. Qe3 Kh7 35.
Nc1 Rxc1 36. Rxc1 Bxd4 37. Qxd4 Rxc1+ 38. Rf1 Rxf1+ 39. Kxf1 Qc1+ 0-1

[Event "Hasselbacken Open 2016"]
[Site "Stockholm SWE"]
[Date "2016.05.05"]
[Round "6.56"]
[White "Wahlund, Max"]
[Black "Lorscheid, Gerhard"]
[Result "1/2-1/2"]
[BlackTitle "FM"]
[WhiteElo "2023"]
[BlackElo "2214"]
[WhiteFideId "1741861"]
[BlackFideId "4606000"]
[EventDate "2016.04.30"]

1. e4 d6 2. Nc3 e5 3. f4 exf4 4. Bc4 Be7 5. d4 Bh4+ 6. Kf1 Ne7 7. Bxf4 Ng6 8.
Be3 O-O 9. Qh5 Be6 10. Bb3 Qd7 11. g3 Bd8 12. h3 Bxb3 13. axb3 f5 14. Kg2 Qf7
15. Qxf5 Qxf5 16. exf5 Rxf5 17. Nf3 Na6 18. g4 Rf8 19. Rae1 Nb4 20. Re2 d5 21.
Nd1 Be7 22. Rf1 Bd6 23. Ne1 Rfe8 24. c3 Nc6 25. Nd3 Re7 26. Rfe1 Nh4+ 27. Kh1
Rae8 28. Nc1 Nf3 29. Rf1 Ng5 30. Kg2 g6 31. Bxg5 Rxe2+ 1/2-1/2

[Event "Hasselbacken Open 2016"]
[Site "Stockholm SWE"]
[Date "2016.05.05"]
[Round "6.57"]
[White "Franzen, Thomas"]
[Black "Brookes, Christopher"]
[Result "0-1"]
[BlackTitle "CM"]
[WhiteElo "1980"]
[BlackElo "2213"]
[WhiteFideId "1706039"]
[BlackFideId "4669355"]
[EventDate "2016.04.30"]

1. d4 Nf6 2. c4 g6 3. g3 c6 4. Bg2 d5 5. b3 Bg7 6. Bb2 O-O 7. Nf3 Ne4 8. O-O Be6
9. Nbd2 Nxd2 10. Nxd2 c5 11. e4 dxc4 12. Nxc4 cxd4 13. e5 Qc7 14. Qxd4 Nc6 15.
Qe4 Bf5 16. Qe2 Rad8 17. Rfd1 Nb4 18. Ne3 Bd3 19. Qf3 Ba6 20. Rac1 Qa5 21. Nc4
Bxc4 22. Rxc4 Nc6 23. Bc3 Qxa2 24. Rxd8 Rxd8 25. e6 Qb1+ 26. Bf1 fxe6 27. Bxg7
Kxg7 28. Qc3+ Kg8 29. Kg2 Qf5 30. Be2 Qf6 31. Qe3 Rd4 32. Rc5 Rd5 33. Rc2 Qe5
34. Qc1 Kg7 35. Bf3 Nd4 36. Rc4 Nxf3 37. Kxf3 Rd3+ 38. Kg2 Rxb3 39. Rf4 Rc3 40.
Qb1 b5 41. Qb4 Qc5 42. Qb1 e5 43. Rg4 Rc2 44. Qe1 Qd5+ 45. Kh3 Rc4 46. Rg5 Re4
47. Qc3 h6 48. Rg4 Rxg4 49. Kxg4 Qd4+ 0-1

[Event "Hasselbacken Open 2016"]
[Site "Stockholm SWE"]
[Date "2016.05.05"]
[Round "6.59"]
[White "Crevatin, Leo"]
[Black "Brzezinski, Adam"]
[Result "1/2-1/2"]
[WhiteElo "1934"]
[BlackElo "2203"]
[WhiteFideId "1726307"]
[BlackFideId "1710460"]
[EventDate "2016.04.30"]

1. d4 Nf6 2. Nf3 e6 3. Bf4 c5 4. e3 Nc6 5. c3 Qb6 6. Qb3 Qxb3 7. axb3 Nh5 8. Bg5
h6 9. Bh4 g5 10. Bg3 cxd4 11. exd4 Nxg3 12. hxg3 Bg7 13. b4 d6 14. Na3 d5 15.
Bb5 f6 16. Nc2 Bd7 17. Ne3 Kf7 18. Kd2 a6 19. Ba4 b5 20. Bc2 a5 21. bxa5 Nxa5
22. b4 Nb7 23. Bb3 Bc6 24. Ke2 Nd6 25. Nd2 Bb7 26. f3 Rxa1 27. Rxa1 Ra8 28. Rxa8
Bxa8 29. g4 Bf8 30. Nb1 Bc6 31. Na3 Nc4 32. Naxc4 dxc4 33. Bc2 Bd6 34. Kf2 Bf4
35. g3 Bc7 36. Be4 Be8 37. Kg2 Ke7 38. Bb7 Bd6 39. Be4 Kd7 40. Kf2 h5 41. gxh5
Bxh5 42. Ng4 Be7 43. Bb7 Kc7 44. Ba8 Be8 45. f4 gxf4 46. gxf4 f5 47. Ne3 Bh4+
48. Ke2 Bh5+ 49. Kd2 Bg3 50. Ng2 Bg4 51. d5 e5 52. fxe5 Bxe5 53. Kc2 f4 54. Ne1
Kd6 55. Bc6 f3 56. Nxf3 Bxf3 57. Bxb5 Bxd5 58. Be8 Be4+ 59. Kb2 Bf4 60. Bf7 Bd3
61. Bg8 Be3 62. Bf7 Ke5 63. Bg8 Kf4 64. Ka3 Bc2 65. Bxc4 Bc1+ 66. Ka2 Ke3 67.
Bb3 Bd3 68. Bd5 Kd2 69. Kb3 Bc2+ 70. Kc4 Bb2 71. Kb5 Bxc3 72. Kb6 Bd4+ 73. Kb7
Bd3 74. Ka8 Kc3 75. Bh1 Kxb4 76. Bg2 Ka5 77. Bh1 Kb6 78. Bg2 Be5 79. Bh1 Bd6 80.
Bg2 Be5 81. Bh1 Bd6 82. Bg2 Be5 1/2-1/2

[Event "Hasselbacken Open 2016"]
[Site "Stockholm SWE"]
[Date "2016.05.06"]
[Round "7.1"]
[White "Maze, Sebastien"]
[Black "Andreikin, Dmitry"]
[Result "1/2-1/2"]
[WhiteTitle "GM"]
[BlackTitle "GM"]
[WhiteElo "2617"]
[BlackElo "2736"]
[WhiteFideId "613762"]
[BlackFideId "4158814"]
[EventDate "2016.04.30"]

1. e4 c6 2. Nc3 d5 3. Nf3 Bg4 4. h3 Bxf3 5. Qxf3 Nf6 6. d4 dxe4 7. Qe3 Nbd7 8.
Nxe4 Nxe4 9. Qxe4 Nf6 10. Qe3 e6 11. c3 Qd5 12. Qg3 h5 13. Be2 h4 14. Qf3 Bd6
15. O-O O-O-O 16. Qxd5 exd5 17. Bd3 Rde8 18. Be3 Nh5 19. Rae1 Nf4 20. Bxf4 Bxf4
21. Rxe8+ Rxe8 22. Rd1 Kc7 23. Kf1 Kd6 24. Re1 Rxe1+ 25. Kxe1 Bc1 26. b3 b5 27.
Kd1 Bf4 28. b4 g6 29. Ke2 Kc7 30. Bc2 f5 31. a4 a6 1/2-1/2

[Event "Hasselbacken Open 2016"]
[Site "Stockholm SWE"]
[Date "2016.05.06"]
[Round "7.2"]
[White "Adhiban, Baskaran"]
[Black "Smirin, Ilia"]
[Result "1/2-1/2"]
[WhiteTitle "GM"]
[BlackTitle "GM"]
[WhiteElo "2663"]
[BlackElo "2665"]
[WhiteFideId "5018471"]
[BlackFideId "2801990"]
[EventDate "2016.04.30"]

1. d4 Nf6 2. c4 g6 3. Nc3 Bg7 4. e4 d6 5. f3 O-O 6. Be3 a6 7. Nge2 Nc6 8. Qd2
Rb8 9. Rc1 h5 10. h3 e5 11. d5 Ne7 12. g4 c6 13. Rg1 b5 14. b3 bxc4 15. bxc4
cxd5 16. cxd5 Bd7 17. Nd1 Bb5 18. Nb2 Qd7 19. Rg2 hxg4 20. hxg4 Nfxd5 21. exd5
e4 22. fxe4 Bxe2 23. Bd4 Bxg4 24. Bxg7 Kxg7 25. Nc4 f6 26. Qf4 Bh3 27. Rh2 Bxf1
28. Kxf1 Rh8 29. Nxd6 Rxh2 30. Qxh2 Qg4 31. Nf5+ gxf5 32. Qxb8 Qf3+ 33. Ke1 Qe3+ 1/2-1/2

[Event "Hasselbacken Open 2016"]
[Site "Stockholm SWE"]
[Date "2016.05.06"]
[Round "7.3"]
[White "Bok, Benjamin"]
[Black "Tkachiev, Vladislav"]
[Result "1/2-1/2"]
[WhiteTitle "GM"]
[BlackTitle "GM"]
[WhiteElo "2604"]
[BlackElo "2660"]
[WhiteFideId "1017063"]
[BlackFideId "618438"]
[EventDate "2016.04.30"]

1. e4 e5 2. Nf3 Nc6 3. Bb5 a6 4. Ba4 Nf6 5. O-O Be7 6. Re1 b5 7. Bb3 O-O 8. c3
d6 9. h3 Re8 10. d4 h6 11. Nbd2 Bf8 12. Nf1 Bb7 13. Ng3 Na5 14. Bc2 Nc4 15. a4
Nb6 16. b3 bxa4 17. bxa4 a5 18. Rb1 Rb8 19. dxe5 dxe5 20. Qxd8 Rbxd8 21. Rb5
Nfd7 22. Rxa5 Ra8 23. Rxa8 Rxa8 24. Bd2 Nxa4 25. Ra1 Nac5 26. Rxa8 Bxa8 27. Ne1
Be7 28. f3 Bg5 29. Nf1 Bxd2 30. Nxd2 Kf8 31. h4 Bc6 1/2-1/2

[Event "Hasselbacken Open 2016"]
[Site "Stockholm SWE"]
[Date "2016.05.06"]
[Round "7.4"]
[White "Sevian, Samuel"]
[Black "Predojevic, Borki"]
[Result "1/2-1/2"]
[WhiteTitle "GM"]
[BlackTitle "GM"]
[WhiteElo "2589"]
[BlackElo "2654"]
[WhiteFideId "2040506"]
[BlackFideId "930849"]
[EventDate "2016.04.30"]

1. e4 e6 2. d4 d5 3. Nd2 c5 4. exd5 Qxd5 5. Ngf3 cxd4 6. Bc4 Qd6 7. O-O Nf6 8.
Nb3 Nc6 9. Nbxd4 Nxd4 10. Nxd4 a6 11. Re1 Qc7 12. Qe2 h6 13. Be3 Bd6 14. h3 O-O
15. a4 b6 16. Rad1 Bb7 17. Bc1 Rfd8 18. c3 Bc5 19. Be3 Nd5 20. Bc1 Nf6 21. Be3
Nd5 22. Bc1 Nf6 23. Be3 1/2-1/2

[Event "Hasselbacken Open 2016"]
[Site "Stockholm SWE"]
[Date "2016.05.06"]
[Round "7.5"]
[White "Vidit, Santosh Gujrathi"]
[Black "Stefansson, Hannes"]
[Result "1-0"]
[WhiteTitle "GM"]
[BlackTitle "GM"]
[WhiteElo "2648"]
[BlackElo "2581"]
[WhiteFideId "5029465"]
[BlackFideId "2300087"]
[EventDate "2016.04.30"]

1. d4 Nf6 2. c4 e6 3. Nf3 b6 4. g3 Ba6 5. b3 Bb4+ 6. Bd2 Be7 7. Nc3 O-O 8. Bg2
c6 9. e4 d5 10. exd5 cxd5 11. Ne5 Bb7 12. O-O Nc6 13. Bf4 Na5 14. Rc1 dxc4 15.
Bxb7 Nxb7 16. bxc4 Na5 17. d5 exd5 18. cxd5 Ba3 19. Rb1 Bd6 20. Qf3 Rc8 21. Rbd1
Bxe5 22. Bxe5 Nc4 23. Bf4 Nd6 24. Rfe1 Re8 25. Rxe8+ Nfxe8 26. Ne2 Nf5 27. Qd3
Ned6 28. g4 Ne7 29. Qg3 Ne4 30. Qf3 Nd6 31. Nd4 Qd7 32. Nc6 h6 33. Bg3 Ng6 34.
Re1 Re8 35. Rxe8+ Nxe8 36. Qf5 Nf6 37. Qxd7 Nxd7 38. Nxa7 f5 39. f3 fxg4 40.
fxg4 Ne7 41. d6 Nd5 42. Nb5 N5f6 43. h3 h5 44. g5 Ne4 45. Bf4 Kf7 46. Kg2 Ke6
47. Kf3 Ndc5 48. Nd4+ Kf7 49. g6+ Kf6 50. d7 Ke7 51. Nf5+ Kxd7 52. Nxg7 Nc3 53.
Nxh5 Ke6 54. Bg5 N5e4 55. Bh4 1-0

[Event "Hasselbacken Open 2016"]
[Site "Stockholm SWE"]
[Date "2016.05.06"]
[Round "7.6"]
[White "Rozentalis, Eduardas"]
[Black "Sasikiran, Krishnan"]
[Result "1/2-1/2"]
[WhiteTitle "GM"]
[BlackTitle "GM"]
[WhiteElo "2584"]
[BlackElo "2643"]
[WhiteFideId "12800023"]
[BlackFideId "5004985"]
[EventDate "2016.04.30"]

1. e4 c5 2. Nf3 d6 3. Bb5+ Nd7 4. O-O a6 5. Bxd7+ Bxd7 6. d4 cxd4 7. Qxd4 Rc8 8.
c4 Bg4 9. Nbd2 Nf6 10. b3 g6 11. h3 Be6 12. Bb2 Bg7 13. Qd3 O-O 14. Rfe1 Re8 15.
Bd4 Bd7 16. a4 Bc6 17. a5 e5 18. Be3 Nh5 19. b4 Nf4 20. Bxf4 exf4 21. Nd4 Bd7
22. N2f3 Qc7 23. Qd2 Qb8 24. Rac1 b6 25. Qxf4 bxa5 26. bxa5 Qb4 27. Rb1 Qxa5 28.
Qxd6 Red8 29. Ra1 Ba4 30. Qa3 Rxc4 31. Nc6 Rxc6 32. Qxa4 Qxa4 33. Rxa4 Bc3 34.
Rc1 Be5 35. Rb1 Bc7 36. g3 a5 37. Kg2 Rb6 38. Rc1 Rb7 39. h4 Rd7 40. Rc2 Kg7 41.
h5 Rb5 42. hxg6 hxg6 43. Nd4 Rb4 44. Rxb4 axb4 45. Nc6 b3 46. Rb2 Rd6 47. Nb4
Rd4 48. Rxb3 1/2-1/2

[Event "Hasselbacken Open 2016"]
[Site "Stockholm SWE"]
[Date "2016.05.06"]
[Round "7.7"]
[White "Van Foreest, Jorden"]
[Black "Bachmann, Axel"]
[Result "1-0"]
[WhiteTitle "GM"]
[BlackTitle "GM"]
[WhiteElo "2551"]
[BlackElo "2621"]
[WhiteFideId "1039784"]
[BlackFideId "3700488"]
[EventDate "2016.04.30"]

1. e4 g6 2. d4 Bg7 3. Nc3 c6 4. Nf3 d6 5. Be3 Nf6 6. Qd2 Qa5 7. h3 O-O 8. Bd3
Nbd7 9. O-O Qc7 10. a4 a5 11. d5 Nb6 12. Be2 e6 13. dxe6 Bxe6 14. Nd4 Bc4 15.
Bh6 Bxh6 16. Qxh6 Bxe2 17. Ndxe2 Rfe8 18. Ng3 Nbd7 19. Rad1 Re6 20. Rfe1 Rae8
21. Nce2 Qb6 22. Nd4 Nxe4 23. Qf4 g5 24. Qf5 Ndf6 25. Rxe4 Nxe4 26. Nxe6 1-0

[Event "Hasselbacken Open 2016"]
[Site "Stockholm SWE"]
[Date "2016.05.06"]
[Round "7.8"]
[White "Urkedal, Frode"]
[Black "Landa, Konstantin"]
[Result "1/2-1/2"]
[WhiteTitle "IM"]
[BlackTitle "GM"]
[WhiteElo "2549"]
[BlackElo "2618"]
[WhiteFideId "1506102"]
[BlackFideId "4101685"]
[EventDate "2016.04.30"]

1. d4 d5 2. c4 e6 3. Nc3 Nf6 4. cxd5 exd5 5. Bg5 c6 6. e3 Bf5 7. Qf3 Bg6 8. Bxf6
Qxf6 9. Qxf6 gxf6 10. Nf3 Nd7 11. Nh4 Nb6 12. g3 Nc8 13. Be2 Nd6 14. f3 Be7 15.
Kf2 O-O 16. Ng2 Kg7 17. Nf4 h5 18. Rag1 Rae8 19. h4 Rh8 20. g4 hxg4 21. fxg4 Bd8
22. a3 Ba5 23. b4 Bc7 24. Rh3 Ne4+ 25. Nxe4 Rxe4 26. Bd3 Re7 27. Nxg6 fxg6 28.
h5 g5 29. Ke2 a5 30. Rf1 Rh6 31. Kd2 Re8 32. b5 Bd6 33. bxc6 bxc6 34. Rc1 Rc8
35. Bf5 Rc7 36. a4 Rh8 37. Rc2 c5 38. Be6 Re7 39. Bxd5 cxd4 40. exd4 f5 41. gxf5
g4 42. Rh4 Kf6 43. Rxg4 Kxf5 44. Rh4 Bf4+ 45. Kd1 Kg5 46. Rh1 Rxh5 47. Rc5 Rxh1+
48. Bxh1+ Kf6 49. Rxa5 Be3 50. d5 Ra7 51. Rxa7 Bxa7 52. Ke2 Ke5 53. Kd3 Kd6 54.
Kc4 Bf2 55. Kb5 Kc7 56. Bf3 Be1 57. a5 Bf2 58. a6 Kd6 59. Kc4 Bb6 60. Bd1 Ba7
61. Bb3 Bb6 62. Kd3 Ba7 63. Ke4 Bb6 64. Ba4 Ba7 65. Bc6 Bb8 66. Kf5 Ke7 67. Bb5
Kd6 68. Bc4 Ke7 69. Kg6 Ba7 70. Kf5 1/2-1/2

[Event "Hasselbacken Open 2016"]
[Site "Stockholm SWE"]
[Date "2016.05.06"]
[Round "7.9"]
[White "Shirov, Alexei"]
[Black "Mikhalevski, Victor"]
[Result "1/2-1/2"]
[WhiteTitle "GM"]
[BlackTitle "GM"]
[WhiteElo "2686"]
[BlackElo "2516"]
[WhiteFideId "2209390"]
[BlackFideId "2801914"]
[EventDate "2016.04.30"]

1. e4 e5 2. Nf3 Nc6 3. d4 exd4 4. Nxd4 Nf6 5. Nxc6 bxc6 6. Qe2 Bb4+ 7. c3 Bc5 8.
e5 Nd5 9. Nd2 O-O 10. Ne4 Be7 11. c4 Nb6 12. Qh5 d5 13. exd6 cxd6 14. Bd3 g6 15.
Qf3 Nd7 16. O-O Ne5 17. Qd1 d5 18. cxd5 Qxd5 19. Bc2 Ba6 20. Re1 Rfd8 21. Qxd5
cxd5 22. Bg5 Bxg5 23. Nxg5 Nc6 24. Ba4 Rac8 25. Rad1 h6 26. Nf3 Nb4 27. Nd4 Nd3
28. Re2 Rc4 29. Bb5 Bxb5 30. Nxb5 a6 31. b3 Rc1 32. Rd2 Re8 33. Rxc1 Nxc1 34.
Rd1 axb5 35. Rxc1 Re2 36. Ra1 b4 37. Kf1 Rb2 38. Rd1 Rxa2 39. Rxd5 Rb2 40. Rd3
Kg7 41. g3 Kf6 42. Re3 Kf5 43. Kg2 h5 44. h3 g5 45. g4+ hxg4 46. hxg4+ Kf4 47.
Rd3 Ke5 48. Kf3 Rc2 49. Ke3 Rb2 50. Kf3 Rb1 51. Ke3 f6 52. Kf3 Rc1 53. Ke3 Rh1
54. Ke2 Rb1 55. Kf3 Rg1 56. Rd8 Rh1 57. Ke3 Rb1 58. Rd3 Rg1 59. Kf3 Rh1 60. Ke2
Rg1 1/2-1/2

[Event "Hasselbacken Open 2016"]
[Site "Stockholm SWE"]
[Date "2016.05.06"]
[Round "7.10"]
[White "Almasi, Istvan"]
[Black "Almasi, Zoltan"]
[Result "0-1"]
[WhiteTitle "IM"]
[BlackTitle "GM"]
[WhiteElo "2420"]
[BlackElo "2682"]
[WhiteFideId "701742"]
[BlackFideId "702293"]
[EventDate "2016.04.30"]

1. Nf3 Nf6 2. c4 e6 3. g3 b6 4. Bg2 Bb7 5. O-O Be7 6. b3 O-O 7. Bb2 d5 8. e3
dxc4 9. bxc4 c5 10. Nc3 Nc6 11. Qe2 Rc8 12. Rfd1 Rc7 13. d4 cxd4 14. exd4 Na5
15. Ne5 Bxg2 16. Kxg2 Nd7 17. Nb5 Nxe5 18. dxe5 Qa8+ 19. Kg1 Rxc4 20. Nd6 Rc6
21. Rac1 Rd8 22. Rxc6 Nxc6 23. Qf3 Rf8 24. Rc1 Nb4 25. Qxa8 Rxa8 26. Rc7 Nd5 27.
Rb7 h5 28. f4 Rd8 29. Rxa7 Bxd6 30. exd6 Rxd6 31. Ra8+ Kh7 32. Rc8 Ne3 33. Bc1
Rd1+ 34. Kf2 Nd5 35. Kg2 Kg6 36. Rc2 Kf5 37. Kf3 f6 38. Bd2 e5 0-1

[Event "Hasselbacken Open 2016"]
[Site "Stockholm SWE"]
[Date "2016.05.06"]
[Round "7.11"]
[White "Sethuraman, S.P."]
[Black "Smith, Axel"]
[Result "1-0"]
[WhiteTitle "GM"]
[BlackTitle "IM"]
[WhiteElo "2658"]
[BlackElo "2503"]
[WhiteFideId "5021596"]
[BlackFideId "1707930"]
[EventDate "2016.04.30"]

1. e4 e5 2. Nf3 Nc6 3. Bc4 Nf6 4. Ng5 d5 5. exd5 Na5 6. Bb5+ c6 7. dxc6 bxc6 8.
Bd3 Nd5 9. h4 Be7 10. Qf3 Bxg5 11. hxg5 Qxg5 12. Rh5 Qe7 13. Qg3 f6 14. Rxh7
Rxh7 15. Qg6+ Kd8 16. Qxh7 Kc7 17. b3 Nb4 18. Ba3 Nxd3+ 19. cxd3 Qf7 20. Nc3 Nb7
21. Rc1 Be6 22. d4 exd4 23. Nb5+ Kb6 24. Nxd4 Bd5 25. f3 Qe8+ 26. Kf2 Qe5 27.
Qd3 Re8 28. Qc3 g5 29. b4 g4 30. Qxc6+ Bxc6 31. Rxc6# 1-0

[Event "Hasselbacken Open 2016"]
[Site "Stockholm SWE"]
[Date "2016.05.06"]
[Round "7.12"]
[White "Mareco, Sandro"]
[Black "Hedman, Erik"]
[Result "1-0"]
[WhiteTitle "GM"]
[BlackTitle "FM"]
[WhiteElo "2625"]
[BlackElo "2354"]
[WhiteFideId "112275"]
[BlackFideId "1702351"]
[EventDate "2016.04.30"]

1. d4 Nf6 2. c4 e6 3. Nf3 c5 4. d5 d6 5. Nc3 exd5 6. cxd5 g6 7. Bf4 Bg7 8. Qa4+
Bd7 9. Qb3 Qc7 10. e4 O-O 11. Nd2 Nh5 12. Be3 f5 13. exf5 Bxf5 14. Be2 Nf6 15.
Nc4 Ne4 16. O-O Nxc3 17. bxc3 Bc8 18. Bg5 b5 19. Qxb5 Bxc3 20. Rac1 Bd4 21. Bh4
Ba6 22. Qa4 Qf7 23. Bg4 Qxd5 24. Rfe1 Kh8 25. Re8 1-0

[Event "Hasselbacken Open 2016"]
[Site "Stockholm SWE"]
[Date "2016.05.06"]
[Round "7.13"]
[White "Onischuk, Vladimir"]
[Black "Olund, Joar"]
[Result "1-0"]
[WhiteTitle "GM"]
[BlackTitle "FM"]
[WhiteElo "2620"]
[BlackElo "2339"]
[WhiteFideId "14114038"]
[BlackFideId "1714848"]
[EventDate "2016.04.30"]

1. e4 e6 2. d4 d5 3. Bd3 dxe4 4. Bxe4 Nf6 5. Bf3 Nbd7 6. Nc3 c6 7. Bf4 Be7 8.
Nge2 Nf8 9. O-O Ng6 10. Bg3 Nd5 11. Re1 O-O 12. a3 a5 13. Na4 b5 14. Nc5 Bd6 15.
b3 Ra7 16. c4 Nde7 17. cxb5 cxb5 18. Nc3 Bxg3 19. hxg3 Qb6 20. Qd3 b4 21. Qb5
Qc7 22. axb4 axb4 23. Rxa7 Qxa7 24. Qxb4 Rd8 25. d5 exd5 26. Nxd5 Nxd5 27. Bxd5
Ne7 28. Nb7 1-0